000 01254nab a22002297a 4500
999 _c6569
_d6569
003 OSt
005 20260224130438.0
008 190506c xxu||||| |||| 00| 0 spa d
040 _cPJ
100 _97144
_aFranco, Marisel Alejandra
245 1 0 _aDespido :
_bcomunicación y requisitos /
_cMarisel Alejandra Franco, María Virginia Franco.
260 _aBuenos Aires :
_bAbeledoPerrot,
_c2024.
300 _ap. 8-20
500 _aCita: TR LALEY AR/DOC/2434/2024.
505 _aSumario: I. Introducción.— II. Capítulo I: Despido. Concepto. Caracteres.— III. Capítulo II: Requisitos que se deben cumplimentar al notificar el despido.— IV. Capítulo III: El intercambio epistolar.— V. Capítulo IV: Deficiente redacción de la notificación del despido. Casuística. Jurisprudencia y Doctrina.— VI. Capítulo V: Consideraciones finales. Conclusión.— VII. Bibliografía.
505 _t¿Te interesa el texto completo? Comunicate al correo: koha@justierradelfuego.gov.ar
650 0 _91316
_aDERECHO LABORAL
650 0 _91533
_aDESPIDO
700 _97145
_aFranco, María Virginia
773 0 _02751
_93202
_dBuenos Aires : AbeledoPerrot, 2013-
_tRevista de derecho laboral y seguridad social. Nº 21 - Noviembre 2024
942 _2udc
_cANA